000
00310nam a22001337a 4500
008
170830b xxu||||| |||| 00| 0 eng d
020
_a
2900495898848
041
_a
eng
080
_2
11TH
_a
621.397.13
100
_a
39
101
_a
MED
245
_a
TELEVISION PRODUCTION HANDBOOK
_c
ZETTL,H
942
_2
udc
_c
BK
999
_c
25492
_d
25492